Wszystkie miasta województwa pomorskiego na mapie - Statystyki

Ogólne statystyki
  • Ten quiz został rozwiązany 14 033 razy
    9 831 od ostatniego zresetowania
  • Średni wynik to 25 z 43
Odpowiedzi na mapie
Odpowiedzi zakodowano w zielono-czerwonej skali na mapie do tego quizu, zgodnie z poniższymi procentami.
 
Statystyki odpowiedzi
Miasto % Poprawnych
Gdańsk
99%
Gdynia
99%
Hel
97%
Sopot
97%
Słupsk
84%
Władysławowo
83%
Wejherowo
81%
Malbork
76%
Jastarnia
75%
Rumia
75%
Tczew
75%
Puck
72%
Reda
72%
Łeba
70%
Starogard Gdański
69%
Chojnice
68%
Lębork
67%
Ustka
67%
Pruszcz Gdański
66%
Kościerzyna
62%
Krynica Morska
62%
Kartuzy
61%
Bytów
60%
Nowy Dwór Gdański
58%
Kwidzyn
56%
Człuchów
51%
Sztum
49%
Żukowo
45%
Miastko
40%
Czersk
38%
Gniew
38%
Pelplin
38%
Czarna Woda
31%
Prabuty
31%
Czarne
30%
Brusy
29%
Kobylnica
29%
Nowy Staw
28%
Skarszewy
27%
Skórcz
27%
Dzierzgoń
26%
Debrzno
24%
Kępice
23%
Nie znaleziono quizów pasujących do podanych kryteriów
Rozkład punktacji
Procent ludzi z każdym wynikiem
Percentyl według liczby udzielonych odpowiedzi
Twoja historia wyników
Nie rozwiązałeś tego quizu od ostatniego zresetowania